000 00539nam a2200169Ia 4500
008 230925s9999||||xx |||||||||||||| ||und||
082 _a621.31 ULL
100 _aUllah, Najeeb (318276)
_9118232
245 0 _aFault Classification in Induction Motor basedon Stray Flux and Stator Current Using Machine Learning /
260 _bUSPCAS-E, NUST,Islamabad :
_c2023
300 _ax, 44 p.
520 _aTH-467
650 _vMS Thesis
_918721
650 _vMS-EEP Thesis
700 _aDr Muhammad Farasat Abbas
_9117885
942 _cTHE
_2ddc
999 _c603214
_d603214